书目信息 |
| 题名: |
图像通信与图像处理
|
|
| 作者: | 杨济安 编著 | |
| 分册: | ||
| 出版信息: | 重庆 重庆大学出版社 2003 |
|
| 页数: | 162页 | |
| 开本: | 20cm | |
| 丛书名: | ||
| 单 册: | ||
| 中图分类: | TN919.8 | |
| 科图分类: | ||
| 主题词: | 数据通信 , 图象通信 | |
| 电子资源: | ||
| ISBN: | 7-5624-2773-9 | |
| 000 | 00827nam0 2200241 450 | |
| 001 | 0302344873 | |
| 005 | 20050920140751.00 | |
| 010 | @a7-5624-2773-9@dCNY15.00 | |
| 100 | @a20040519d2003 em y0chiy0110 ea | |
| 101 | 0 | @achi |
| 102 | @aCN@b500000 | |
| 105 | @aa az 000yy | |
| 200 | 1 | @a图像通信与图像处理@9tu xiang tong xin yu tu xiang chu li@f杨济安编著@Fyang ji an bian zhu |
| 210 | @a重庆@c重庆大学出版社@d2003 | |
| 215 | @a162页@c图@d20cm | |
| 320 | @a有书目 | |
| 330 | @a本书共分7章,重点讨论了数字图像通信与信息处理中的基本概念、基本理论及其基本算法,详尽阐述了图像通信、图像变换多维图像复原重建及国内外数字图像处理系统的分类与举例等内容。 | |
| 606 | 0 | @a数据通信 |
| 606 | 0 | @a图象通信 |
| 690 | @aTN919.8@v4 | |
| 701 | 0 | @a杨济安@Ayang ji an@4编著 |
| 801 | 0 | @aCN@bTSSF@c20050920 |
| 905 | @a10447@dTN919.8@e47 | |
| 图像通信与图像处理/杨济安编著.-重庆:重庆大学出版社,2003 |
| 162页:图;20cm |
| ISBN 7-5624-2773-9:CNY15.00 |
| 本书共分7章,重点讨论了数字图像通信与信息处理中的基本概念、基本理论及其基本算法,详尽阐述了图像通信、图像变换多维图像复原重建及国内外数字图像处理系统的分类与举例等内容。 |
| ● |
| 相关链接 |
|
|
|
|
正题名:图像通信与图像处理
索取号:TN919.8/47
 
预约/预借
| 序号 | 登录号 | 条形码 | 馆藏地/架位号 | 状态 | 备注 |
| 1 | 0362216 | 3622164 | 第二样本阅览室/ [索取号:TN919.8/47] | 在馆 | |
| 2 | 0362217 | 3622173 | 第三借阅区/ [索取号:TN919.8/47] | 在馆 | |
| 3 | 0362218 | 3622182 | 第三借阅区/ [索取号:TN919.8/47] | 在馆 |